ბათუმის შოთა რუსთაველის სახელმწიფო უნივერსიტეტის ბიბლიოთეკა

ელინისტური და რომაული პერიოდის კოლხური ამფორების ტექნოლოგია და წარმომავლობა ზღვისპირა აჭარის რეგიონში (არქეომეტრიული კვლევა) / (ბიბ.ჩანაწერი № 62165)

000 -ლიდერი
ფიქსირებული სიგრძის საკონტროლო ველი 01680nam a22002297a 4500
003 - საკონტროლო ნომრის იდენტიფიკატორი
საკონტროლო ველი Ge_BSU
005 - ბოლო ოპერაციის თარიღი და დრო
საკონტროლო ველი 20240725145455.0
008 - ფიქსირებული სიგრძის მონაცემთა ელემენტები - ზოგადი ინფორმაცია
ფიქსირებული სიგრძის საკონტროლო ველი 240725s2024 ge ||||| |||| 00| 0 geo d
041 ## - ენის კოდი
Language code of text/sound track or separate title geo
080 ## - უნივერსალური ათობითი კლასიფიკაციის ინდექსი
Universal Decimal Classification number 902 რ-72
100 ## - მთავარი ჩანაწერი - პიროვნების სახელი
Personal name როგავა, ანდრია
9 (RLIN) 22951
245 ## - ცნობა სათაურის შესახებ
Title ელინისტური და რომაული პერიოდის კოლხური ამფორების ტექნოლოგია და წარმომავლობა ზღვისპირა აჭარის რეგიონში (არქეომეტრიული კვლევა) /
Statement of responsibility, etc ანდრია როგავა, სამეცნ.ხელმძღ. მერაბ ხალვაში
264 ## - წარმოების, გამოცემის, დისტრიბუციის და სხვა ცნობები
გამოცემის, წარმოების, დისტრიბუციის... ადგილი ბათუმი:
გამოცემის, წარმოების, დისტრიბუციის... სახელწოდება ბათუმის შოთა რუსთაველის სახელმწიფო უნივერსიტეტი,
გამოცემის, წარმოების, დისტრიბუციის... თარიღი 2024.
300 ## - ფიზიკური აღწერა
Extent 251 გვ.:
Other physical details ცხრ,
Dimensions 30სმ.
653 ## - INDEX TERM--UNCONTROLLED
Uncontrolled term არქეოლოგია
653 ## - INDEX TERM--UNCONTROLLED
Uncontrolled term ისტორია
653 ## - INDEX TERM--UNCONTROLLED
Uncontrolled term დისერტაცია
700 ## - ADDED ENTRY--PERSONAL NAME
Personal name ხალვაში,მერაბ
Relator term სამეცნიერო ხელმძღვანელი
9 (RLIN) 22952
710 ## - ADDED ENTRY--CORPORATE NAME
Corporate name or jurisdiction name as entry element ბათუმის შოთა რუსთაველის სახელმწიფო უნივერსიტეტი
9 (RLIN) 22953
710 ## - ADDED ENTRY--CORPORATE NAME
Corporate name or jurisdiction name as entry element ჰუმანიტარულ მეცნიერებათა ფაკულტეტი, ისტორიის არქეოლოგიისა და ეთნოლოგიის დეპარტამენტი
9 (RLIN) 22954
942 ## - ADDED ENTRY ELEMENTS (KOHA)
Source of classification or shelving scheme
Koha item type დისერტაცია
ეგზემპლარები
ჩამოწერის სტატუსი დაკარგული ეგზემპლარის სტატუსი კლასიფიკაციის წყარო ან თაროზე გაწყობის სქემა დაზიანების სტატუსი არ გაიცემა მუდმივი მდებარეობა (დაცვის ადგილი) ამჟამინდელი ადგილსამყოფელი თაროზე განთავსების ადგილი შეძენის თარიღი სრული შენახვის შიფრი შტრიხკოდი ბოლო ოპერაციის თარიღი ეგზემპლარის მიმდევრობითი ნომერი (კეტერი?) ფასის ძალაში შესვლის თარიღი ეგზემპლარის სახეობა
          ბათუმის შოთა რუსთაველის სახელმწიფო უნივერსიტეტის მთავარი ბიბლიოთეკა ბათუმის შოთა რუსთაველის სახელმწიფო უნივერსიტეტის მთავარი ბიბლიოთეკა წიგნსაცავი 2024-07-25 902 რ-72 427 დისერტაცია 2024-07-25 427 დისერტაცია 2024-07-25 დისერტაცია